<?xml version="1.0" encoding="UTF-8"?>
<record
    xmlns:xsi="http://www.w3.org/2001/XMLSchema-instance"
    xsi:schemaLocation="http://www.loc.gov/MARC21/slim http://www.loc.gov/standards/marcxml/schema/MARC21slim.xsd"
    xmlns="http://www.loc.gov/MARC21/slim">

  <leader>01426nam a22002657a 4500</leader>
  <controlfield tag="008">160704s2006       xxu||||| |||| 00| 0 eng d</controlfield>
  <datafield tag="020" ind1=" " ind2=" ">
    <subfield code="a">9780300114188</subfield>
  </datafield>
  <datafield tag="082" ind1=" " ind2=" ">
    <subfield code="a">708</subfield>
    <subfield code="b">H587ev</subfield>
  </datafield>
  <datafield tag="100" ind1=" " ind2=" ">
    <subfield code="a">Hesse, Eva.</subfield>
    <subfield code="9">5276</subfield>
  </datafield>
  <datafield tag="245" ind1="1" ind2="0">
    <subfield code="a">Eva Hesse :</subfield>
    <subfield code="b">sculpture /</subfield>
    <subfield code="c">Eva Hesse ; curado por Elisabeth Sussman y Fred Wasserman.</subfield>
  </datafield>
  <datafield tag="250" ind1=" " ind2=" ">
    <subfield code="a">1a ed.</subfield>
  </datafield>
  <datafield tag="260" ind1=" " ind2=" ">
    <subfield code="a">Nueva York, Estados Unidos :</subfield>
    <subfield code="b">The Jewish Museum ; Yale University Press,</subfield>
    <subfield code="c">2006.</subfield>
  </datafield>
  <datafield tag="300" ind1=" " ind2=" ">
    <subfield code="a">178 p.</subfield>
    <subfield code="b">il. col.</subfield>
  </datafield>
  <datafield tag="500" ind1=" " ind2=" ">
    <subfield code="a">Publicado en conjunto con la exhibici&#xF3;n Eva Hesse: Sculpture, organizado por The Jewish Museum y presentado desde el 12 de mayo al 17 de setiembre del 2006.</subfield>
  </datafield>
  <datafield tag="505" ind1="0" ind2=" ">
    <subfield code="t">Eva Hesse: Sculpture 1968</subfield>
    <subfield code="r">Elisabeth Sussman.</subfield>
    <subfield code="t">Dumb</subfield>
    <subfield code="r">Yve-Alain Bois.</subfield>
    <subfield code="t">A string of nots: Eva Hesse's hanging sculpture</subfield>
    <subfield code="r">Mark Godfrey.</subfield>
    <subfield code="t">Plates.</subfield>
    <subfield code="t">Building a childhood memory: the diaries of Eva Hesse's early years</subfield>
    <subfield code="r">Fred Wasserman.</subfield>
    <subfield code="t">Chronology of Eva Hesse's life</subfield>
    <subfield code="r">Beth Turk.</subfield>
    <subfield code="t">Exhibici&#xF3;n Checklist.</subfield>
    <subfield code="t">Notes.</subfield>
    <subfield code="t">Selected bibliography.</subfield>
    <subfield code="t">Exhibitions and reviews, 1968.</subfield>
    <subfield code="t">Contributors.</subfield>
    <subfield code="t">Index.</subfield>
    <subfield code="t">Ilustration credits.</subfield>
    <subfield code="t">The Jewish Museum board of trustees.</subfield>
  </datafield>
  <datafield tag="653" ind1="1" ind2="0">
    <subfield code="a">Arte contemp&#xF3;raneo</subfield>
  </datafield>
  <datafield tag="653" ind1="1" ind2="0">
    <subfield code="a">Exhibiciones</subfield>
  </datafield>
  <datafield tag="653" ind1="1" ind2="0">
    <subfield code="a">Arte - Alemania</subfield>
  </datafield>
  <datafield tag="653" ind1="1" ind2="0">
    <subfield code="a">The Jewish Museum-Exhibici&#xF3;n</subfield>
  </datafield>
  <datafield tag="653" ind1="1" ind2="0">
    <subfield code="a">Escultura</subfield>
  </datafield>
  <datafield tag="653" ind1="1" ind2="0">
    <subfield code="a">Instalaciones</subfield>
  </datafield>
  <datafield tag="700" ind1="1" ind2=" ">
    <subfield code="a">Sussman, Elisabeth.</subfield>
    <subfield code="e">curador.</subfield>
    <subfield code="9">5279</subfield>
  </datafield>
  <datafield tag="700" ind1="1" ind2=" ">
    <subfield code="a">Wasserman, Fred.</subfield>
    <subfield code="e">curador.</subfield>
    <subfield code="9">5280</subfield>
  </datafield>
  <datafield tag="710" ind1="1" ind2=" ">
    <subfield code="a">The Jewish Museum.</subfield>
    <subfield code="9">5281</subfield>
  </datafield>
  <datafield tag="999" ind1=" " ind2=" ">
    <subfield code="c">971</subfield>
    <subfield code="d">971</subfield>
  </datafield>
  <datafield tag="952" ind1=" " ind2=" ">
    <subfield code="0">0</subfield>
    <subfield code="1">0</subfield>
    <subfield code="2">ddc</subfield>
    <subfield code="4">0</subfield>
    <subfield code="7">0</subfield>
    <subfield code="a">LV</subfield>
    <subfield code="b">LV</subfield>
    <subfield code="c">Monograf&#xED;as</subfield>
    <subfield code="d">2016-07-04</subfield>
    <subfield code="l">1</subfield>
    <subfield code="o">708 H587ev</subfield>
    <subfield code="p">000849</subfield>
    <subfield code="r">2018-08-04 00:00:00</subfield>
    <subfield code="s">2018-06-26</subfield>
    <subfield code="w">2016-07-04</subfield>
    <subfield code="y">01</subfield>
  </datafield>
</record>
